| 000 | 01184cam a22002054a 4500 | ||
|---|---|---|---|
| 005 | 20250605164125.0 | ||
| 008 | 250528s ||||||||||||||||||||||||d | ||
| 035 | _a18433 | ||
| 020 | _a9602180706 | ||
| 040 |
_aGR-AtMCL _bgre _dGR-AtMCL _eAACR2 |
||
| 245 | 1 |
_aΜικροοικονομική / Μια Σύγχρονη Προσέγγιση. _nΤόμος Α' |
|
| 260 |
_bΚριτική - Επιστημονική Βιβλιοθήκη, _c1992 |
||
| 300 | _a352 | ||
| 520 | _aΠρόλογος, Η Αγορά, Εισοδηματικός Περιορισμός, Προτιμήσεις, Ωφέλεια, Επιλογή, Ζήτηση, Αποκαλυφθείσα Προτίμηση, Εξίσωση Slutsky, Αγορά και Πώληση, Διαχρονική Επιλογή, Αγορά Περουσιακών Στοιχείων, Αβεβαιότητα, Περιουσιακά Στοιχεία Ενέχοντα Κίνδυνο, Πλεόνασμα του Καταναλωτή, Ζήτηση της Αγοράς, Ισορροπία, Τεχνολογία. | ||
| 700 | 1 |
_aVarian Hal R _97 |
|
| 700 | 1 |
_aΜινόγλου Θέμις _92951 |
|
| 942 | _cBK | ||
| 999 |
_c3794 _d3794 |
||